Návrh a realizácia informačného systému pre reklamné štúdio

Uložené v:
Podrobná bibliografia
Hlavný autor: Pačesa, Michal (Autor)
Ďalší autori: Juhás, Martin (Vedúci práce)
Médium: Rukopis Kniha
Jazyk:Slovak
Vydavateľské údaje: 2022
Predmet:
On-line prístup:http://is.stuba.sk/zp/portal_zp.pl?podrobnosti=155351
Tagy: Pridať tag
Žiadne tagy, Buďte prvý, kto otaguje tento záznam!

MARC

LEADER 00000ntm a22000003a 4500
001 stuzp88919
003 SK-STU
005 20220702211248.6
007 ta
008 150427s2015----xo-----f-mn---000-0-slo-d
040 |a STU  |b slo 
041 0 |a slo 
100 1 |a Pačesa, Michal  |u 066000  |4 aut  |U MTF Materiálovotechnologická fakulta  |T MTF Ústav aplikovanej informatiky, automatizácie a mechatroniky  |X 103291  |U M6000  |Y 86  |7 103291 
242 0 1 |a Design and implementation of an information system for an advertising studio  |y eng 
245 1 0 |a Návrh a realizácia informačného systému pre reklamné štúdio 
260 |c 2022 
650 4 |a databáza  |2 slo 
650 4 |a informačný systém  |2 slo 
650 4 |a PHP  |2 slo 
650 4 |a reklamné štúdio  |2 slo 
650 4 |a MySQL  |2 slo 
650 4 |a PHP  |2 eng 
650 4 |a MySQL  |2 eng 
650 4 |a information system  |2 eng 
650 4 |a database  |2 eng 
650 4 |a advertising studio  |2 eng 
700 1 |a Juhás, Martin  |u 066000  |k Z1  |4 ths  |U MTF Materiálovotechnologická fakulta  |T MTF Ústav aplikovanej informatiky, automatizácie a mechatroniky  |X 2855  |U M6000  |Y 86  |7 A000002855 
856 4 |u http://is.stuba.sk/zp/portal_zp.pl?podrobnosti=155351 
996 |c M* BP-9431  |l MMSKP  |s P  |a 0  |w stuzp88919_0001